000 00266 a2200097 4500
020 _a9781107512825
100 _aShai Shalev- Shwartz
245 _aUnderstanding machine learning: from theory to algorithms
260 _bCambridge University Press
_c2025
942 _cOO
999 _c116031
_d116030